The Wanderer Chapters 5-14 Quiz Stats

 Plays Quiz not verified by Sporcle

Also try: Literature Bunker
Challenge
Share
Tweet
Embed
Score 0/13 Timer 10:00
0 Plays Today
% Correct
navigating
97.8%
current
97.8%
bluffs
93.3%
masts
91.1%
filleted
86.7%
dolt
86.7%
wench
80%
aft
75.6%
winch
73.3%
bludgeon
71.1%
caulk
71.1%
shakedown
68.9%
sextant
62.2%

You're not logged in!

Compare scores with friends on all Sporcle quizzes.
Join for Free
OR
Log In

You Might Also Like...

Show Comments

Extras

Top Quizzes Today


Score Distribution

Your Account Isn't Verified!

In order to create a playlist on Sporcle, you need to verify the email address you used during registration. Go to your Sporcle Settings to finish the process.

Report this User

Report this user for behavior that violates our Community Guidelines.

Details: